| 000 | 01320cam a2200229 4500 | ||
|---|---|---|---|
| 001 | ABS66241 | ||
| 008 | 021223n2002 000 0 eng u | ||
| 035 | _a(Sirsi) u120871 | ||
| 100 | _aKnowles, R | ||
| 245 | _aProfessional indemnity insurers have cause for concern | ||
| 260 | _c2002 | ||
| 490 |
_aCivil Engineering Surveyor _v October 2002, 20-21(2) |
||
| 520 | _aLooks at two recent cases "Gillies Ramsey Diamond v P J W Enterprises Ltd" and "J T Mackley v Gosport Marina Ltd. In "Gillies" case it was argued, on behalf of the contract administrator, that there had been no dispute under the contract. A claim in damages for negligence fell outside the provisions of the Construction Act. In the "Mackley" case arbitration was only available as a means of challenging the adjudicator's decision if the relevant contract so provided, or an ad hoc arbitration agreement was made. | ||
| 590 | _aABS | ||
| 650 | _aPROFESSIONAL INDEMNITY INSURANCE | ||
| 650 | _aMANAGEMENT-DISPUTE AVOIDANCE, MANAGEMENT AND RESOLUTION-DISPUTE MANAGEMENT AND RESOLUTION-ALTERNATIVE DISPUTE RESOLUTION-ADJUDICATION | ||
| 650 | _aGILLIES RAMSEY DIAMOND V P J W ENTERPRISES LTD | ||
| 650 | _aJ T MACKLEY AND CO LTD V GOSPORT MARINA LTD | ||
| 650 | _aCONTRACT ADMINISTRATION | ||
| 690 |
_aDispute resolution _96236 |
||
| 942 | _n0 | ||
| 999 |
_c71844 _d71844 |
||